01239nam a2200265 a 450000100100000000500170001000800410002702000150006804000250008308200190010810000320012724500480015926000360020730000270024359000660027059000260033665000270036265000310038991000410042095201280046195201280058995201170071795201220083499900170095600001559320240530073918.0100215s1995 xxu 000 f spa d a2980409715 aDO-SdBNPbspacBNPHU aRD863.44bJ82e1 aJorge Morel, Eucilda92543310aEncuentros (novela) /cEucilda Jorge Morel. aMontreal :bFourmi Rose,c1995. a86 p. :bil. ;c22 cm. aLa biblioteca posee 2 ejemplares autografiados por la autora. aInventariado, 2019/BT 0aNovela dominicana9223 0aLiteratura dominicana.967 aValidado. Control de calidad MMOLINA 001054708MOaGRbGRcHDd2010-02-15iLF1l0oRD863.44 J82ep15593-30r2020-06-25te.3w2020-06-25y4ZPréstamo en sala 001054708MOaGRbGRcHDd2010-02-15iLF1l0oRD863.44 J82ep15593-40r2020-06-25te.4w2020-06-25y4ZPréstamo en sala 001050718MOaPDbPDcHDd2010-02-15iLF1l0oRD863.44 J82ep15593-10r2020-06-25w2020-06-25y1ZNo se presta 001050718MOaPDbPDcHDd2010-02-15iLF1l0oRD863.44 J82ep15593-20r2020-06-25te.2w2020-06-25y1ZNo se presta c15148d15148